| 000 | 00495nam a2200205Ia 4500 | ||
|---|---|---|---|
| 005 | 20250505145725.0 | ||
| 008 | 008 250505s9999 xx 000 0 eng d | ||
| 037 | _aJournal | ||
| 040 |
_aFML _bhin _cFML |
||
| 041 |
_ahin _2hin |
||
| 084 | _qFML | ||
| 100 |
_aGarg , Laxminarayan _9754270 |
||
| 245 | 0 | _aSangeet March-2013 | |
| 260 |
_aHathras _bSangeet Karyalay _c2013 |
||
| 300 | _a63p | ||
| 490 | _v3 | ||
| 650 | _aMusic | ||
| 942 | _cCR | ||
| 999 |
_c1311626 _d1311626 |
||